La Democracia vigilante

Збережено в:
Бібліографічні деталі
Автор: Roiz, Javier
Формат: Текст
Опубліковано: Caracas: CIPOST
Теги: Додати тег
Немає тегів, Будьте першим, хто поставить тег для цього запису!

MARC

LEADER 00000 a a2200000 04500
001 22773
003
040
020 |a 980-07-5471-7  
090 |a 155900  
100 |a Roiz, Javier  
245 |a La Democracia vigilante  
260 |a Caracas:   |b CIPOST  
300 |a 71 p  
999 |c 14383  |d 14383